Historia Austrii - Statystyki

Ogólne statystyki
  • Ten quiz został rozwiązany 1 095 razy
  • Średni wynik to 11 z 20
Statystyki odpowiedzi
Pytanie Odpowiedź % Poprawnych
Jaki kompozytor zmarł w Wiedniu w wieku 35 lat w 1791 r? Wolfgang Amadeusz Mozart
93%
Jaka dynastia rządziła Austrią w latach 1278-1918? Habsburgowie
88%
Jakie imperium zostało zatrzymane w 1683 r. pod Wiedniem podczas swojej ekspansji w głąb Europy? Imperium Osmańskie
88%
Jakie państwo zostało podzielone między Austrię, Prusy i Rosję począwszy od 1772 roku? Rzeczpospolita Obojga Narodów
86%
Jakie państwo w latach 1867-1918 tworzyło unię realną wraz z Austrią? Węgry
82%
Jaki austriacko-amerykański aktor, polityk i filmowiec siedmiokrotnie wygrał konkurs Mr. Olympia? Arnold Schwarzenegger
64%
Kto uznawany jest za twórcę psychoanalizy? Sigmund Freud
64%
Jaka córka powyższej poślubiła króla Francji, Ludwika XVI i została ścięta na gilotynie w 1793 r? Maria Antonina
62%
Jaki był najwyższy tytuł powyższego? Arcyksiążę
60%
Jakie austriackie miasto dwukrotnie było gospodarzem Igrzysk Olimpijskich? Innsbruck
60%
Jaki następca tronu austriackiego został zamordowany w 1914 r., co było bezpośrednim skutkiem wybuchu Wielkiej Wojny? Franciszek Ferdynand
58%
Jakie austriackie terytorium było zaanektowane przez Włochy w 1918 r. jako skutek Wielkiej Wojny? Tyrol Południowy
48%
Jaki lud założył miasto Wiedeń w I wieku n.e? Rzymianie
46%
W 1864 roku austriacki książę Maksymilian przyjął zaproszenie, aby zostać cesarzem jakiego kraju Nowego Świata? (sprawował ten urząd przez 3 lata, gdyż po tym czasie został rozstrzelony) Meksyk
44%
Jaka kobieta była jedyną w historii, która sprawowała władzę nad powyższą dynastią? Maria Teresa
43%
Kto był najdłużej urzędującym władcą Austrii w historii? Franciszek Józef I
42%
Kto zamordował następcę austriackiego tronu w 1914 r? Gavrilo Princip
41%
Kto namalował olejny obraz "Pocałunek", powstały w latach 1907-1908? Gustav Klimt
26%
Jaka była waluta Austrii bezpośrednio przed wprowadzeniem Euro? Szyling
26%
Jaki znany film muzyczny z roku 1965 kręcono w Salzburgu i okolicach? Dźwięki muzyki
13%
Nie znaleziono quizów pasujących do podanych kryteriów
Rozkład punktacji
Procent ludzi z każdym wynikiem
Percentyl według liczby udzielonych odpowiedzi
Twoja historia wyników
Nie rozwiązałeś tego quizu